EVALUATION OF MATHEMATICAL MODELS AC MAGNETIC CIRCUITS

Podrobná bibliografia
Hlavní autori: Ulrych, Bohuš, 1937- (Autor), Mayer, Daniel (Autor)
Médium: Článok
Jazyk:angličtina

MARC

LEADER 00000nab a2200000uu 4500
001 vtls011153599
003 SK-MaSNL
005 20260303151228.0
008 230222|2013 xo |||||||||||||||||eng|
015 |a SNBRB 
035 |a (urnnbn)urn:nbn:sk:snk:ar-a0a5vl 
035 |a (uuid)b933547d-d26e-471e-8f5d-44c9da5ba99a 
035 |a urn:nbn:sk:snk-abb2j4 
040 |a SNKBUCL  |b slo  |c SNKBUCL  |e AACR2 
041 0 |a eng 
044 |a xo  |c SK 
100 1 |a Ulrych, Bohuš,  |d 1937-  |4 aut  |9 381796 
245 1 0 |a EVALUATION OF MATHEMATICAL MODELS AC MAGNETIC CIRCUITS  |c Bohuš Ulrych, Daniel Mayer 
700 1 |a Mayer, Daniel  |4 aut  |9 382356 
773 0 |t Acta electrotechnica et informatica : (Tlačené vyd.)  |g Roč. 13, č. 3 (2013), s. 39-42 
954 |a odborná, vedecká literatúra cudzojazyčná (svetová)  |2 lita 
958 |a OND 
958 |a EUIPO 
958 |a article14 
999 |c 2016704  |d 2018634